Reforma lesního hospodářství ČR.
Len zásadná zmena v spôsobe užívania lesov v štátnom vlastníctve môže zabrániť ich premene na "skanzen reálneho socializmu". Nevyhnutnosť privatizácie. Základnou formou privatizácie lesov je obnovenie pôvodných vlastníckych vzťahov. Zákony umožňujúce privatizáciu. Neprivatizovateľným zostáva zatiaľ...
Enregistré dans:
| Auteur principal: | |
|---|---|
| Format: | Chapitre de livre |
| Langue: | tchèque |
| Sujets: | |
| Tags: |
Pas de tags, Soyez le premier à ajouter un tag!
|
MARC
| LEADER | 00000naa a2200000 4500 | ||
|---|---|---|---|
| 001 | r005091 | ||
| 005 | 20221125080222.0 | ||
| 041 | 0 | |a cze | |
| 044 | |a [CS] | ||
| 245 | 1 | 0 | |a Reforma lesního hospodářství ČR. |c Z. Domes |
| 520 | |a Len zásadná zmena v spôsobe užívania lesov v štátnom vlastníctve môže zabrániť ich premene na "skanzen reálneho socializmu". Nevyhnutnosť privatizácie. Základnou formou privatizácie lesov je obnovenie pôvodných vlastníckych vzťahov. Zákony umožňujúce privatizáciu. Neprivatizovateľným zostáva zatiaľ štátne vlastníctvo základného lesného pôdneho fondu. Hlavné prednosti štátneho vlastníctva lesov. | ||
| 610 | 2 | 0 | |a hospodárstvo lesné |
| 610 | 2 | 0 | |a vlastníctvo štátne |
| 610 | 2 | 0 | |a privatizácia |
| 610 | 2 | 0 | |a podnik štátny |
| 610 | 2 | 0 | |a ťažba dreva |
| 610 | 2 | 0 | |a Čechy |
| 100 | 1 | |a Domes, Z. | |